| 000 | 01050cam a2200325 a 4500 | ||
|---|---|---|---|
| 001 | 13559058 | ||
| 003 | OSt | ||
| 005 | 20161024193047.0 | ||
| 008 | 030804s2003 enka b 000 0 eng | ||
| 010 | _a 2004381410 | ||
| 015 | _aGBA3-25623 | ||
| 016 | _a20030122767 | ||
| 020 | _a0850927528 | ||
| 020 | _a 978-0850927528 | ||
| 035 | _a(OCoLC)ocm51964217 | ||
| 040 |
_aNLC _beng _dNLC _dUKM _dCUS _cDLC |
||
| 042 | _alccopycat | ||
| 043 | _ad------ | ||
| 050 | 0 | 0 |
_aHQ1240 _b.K32 2003 |
| 082 | 0 | 0 |
_a305.3 _222 _bKAB 2003 |
| 100 | 1 |
_aKabeer, Naila. _96931 |
|
| 245 | 1 | 0 |
_aGender mainstreaming in poverty eradication and the millennium development goals : _ba handbook for policy-makers and other stakeholders |
| 260 |
_aLondon : _bInternational Development research Centre, _c2003. |
||
| 300 |
_axix, 245 p. : _bill. ; _c26 cm. |
||
| 504 | _aIncludes bibliographical references: p. 235-242. | ||
| 650 | 0 |
_aGender mainstreaming _911241 |
|
| 650 | 0 |
_aPoverty _97524 |
|
| 906 |
_a7 _bcbc _ccopycat _d2 _encip _f20 _gy-gencatlg |
||
| 942 |
_2ddc _cSLOAN |
||
| 999 |
_c3362 _d3362 |
||